[Event "39th WCh U20 Girls"]
[Site "Mexico City MEX"]
[Date "2023.09.27"]
[Round "7.4"]
[White "Obregon Garcia, Roxangel"]
[Black "Rakshitta, Ravi"]
[Result "1-0"]
[WhiteElo "2171"]
[BlackElo "2272"]
[EventDate "2023.09.21"]
[PlyCount "65"]

1.e4 e5 2.Nf3 Nc6 3.Bc4 Bc5 4.d3 Nf6 5.Nc3 h6 6.O-O d6 7.Na4 Bb6 8.a3 Bg4 
9.c3 Na5 10.Nxb6 axb6 11.Ba2 O-O 12.h3 Bh5 13.g4 Nxg4 14.hxg4 Bxg4 15.d4 
Qf6 16.Kg2 Nc6 17.Qd3 exd4 18.Nh2 Bh5 19.Bd2 Qg6+ 20.Kh1 Ne5 21.Qg3 Qxe4+ 
22.f3 Qc2 23.cxd4 Ng6 24.Bc3 Rae8 25.Rae1 Qf5 26.Bb1 Qb5 27.Re4 d5 28.Rxe8
Rxe8 29.Qh3 Nf4 30.Qf5 Ne2 31.Qh7+ Kf8 32.Bd3 Qc6 33.Bb4+ 1-0

[Event "39th WCh U20 Girls"]
[Site "Mexico City MEX"]
[Date "2023.09.27"]
[Round "7.5"]
[White "Kanyamarala, Trisha"]
[Black "Goraj, Barbara"]
[Result "1-0"]
[WhiteElo "2184"]
[BlackElo "2135"]
[EventDate "2023.09.21"]
[PlyCount "117"]

1.d4 d5 2.c4 e6 3.Nc3 Nf6 4.cxd5 exd5 5.Bg5 c6 6.Qc2 Bd6 7.e3 O-O 8.Bd3 h6
9.Bh4 Re8 10.Nge2 Nbd7 11.Bg3 Nf8 12.O-O Ne6 13.Rfe1 g6 14.Rad1 Ng7 15.
Bxd6 Qxd6 16.Ng3 Bg4 17.f3 Be6 18.Bf1 Rad8 19.a3 Nf5 20.Nxf5 Bxf5 21.e4 
dxe4 22.fxe4 Bg4 23.Rd2 Qf4 24.Rf2 Qg5 25.Qa4 a5 26.e5 Bf5 27.Be2 Ng4 28.
Bxg4 Qxg4 29.Rd2 Qf4 30.Qd1 Bg4 31.g3 Qf5 32.Qc1 Bf3 33.Rf2 g5 34.Ne4 Re6 
35.Nf6+ Kg7 36.g4 Qd3 37.Rd2 Qg6 38.Rf1 Bd5 39.Rdf2 Kf8 40.Qc5+ Kg7 41.
Qxa5 Rxf6 42.exf6+ Kh7 43.Re1 Rd6 44.Qc3 Rxf6 45.Rxf6 Qxf6 46.Qd3+ Kg7 47.
Qe3 Kh7 48.Qe5 Qd8 49.Qf5+ Kg7 50.Qe5+ Kh7 51.Re3 Qb6 52.b4 Qa6 53.h4 Qa4 
54.hxg5 Qd1+ 55.Kf2 Qxg4 56.Rg3 Qh4 57.Qf5+ Kg7 58.Qf6+ Kf8 59.Qd8+ 1-0

[Event "39th WCh U20 Girls"]
[Site "Mexico City MEX"]
[Date "2023.09.27"]
[Round "7.6"]
[White "Lu Miaoyi"]
[Black "Ter-Avetisjana, Agnesa Stepania"]
[Result "1-0"]
[WhiteElo "2214"]
[BlackElo "2080"]
[EventDate "2023.09.21"]
[PlyCount "73"]

1.e4 c6 2.d4 d5 3.exd5 cxd5 4.Bd3 Nc6 5.c3 Nf6 6.Bf4 g6 7.Nf3 Bg7 8.O-O 
O-O 9.Nbd2 Nh5 10.Be3 f5 11.Nb3 f4 12.Bc1 Qc7 13.Re1 Bf6 14.Bb5 Nd8 15.Nc5
Bf5 16.Bd3 Bxd3 17.Nxd3 Nf7 18.Qb3 Qd6 19.Nfe5 g5 20.Nxf7 Kxf7 21.Nc5 b6 
22.Ne6 Rfe8 23.c4 Ng7 24.cxd5 Nxe6 25.Rxe6 Qd7 26.Bd2 Rad8 27.Rae1 Qxd5 
28.Qh3 Kg6 29.R1e5 Qxa2 30.Qf5+ Kg7 31.Bc3 Rc8 32.d5 Rxc3 33.bxc3 Qa1+ 34.
Re1 Qxc3 35.d6 Qc5 36.Rxf6 exf6 37.Qd7+ 1-0

[Event "39th WCh U20 Girls"]
[Site "Mexico City MEX"]
[Date "2023.09.27"]
[Round "7.7"]
[White "Ciolacu, Alessia-Mihaela"]
[Black "Djidjeli, Sarah"]
[Result "0-1"]
[WhiteElo "2199"]
[BlackElo "2058"]
[EventDate "2023.09.21"]
[PlyCount "78"]

1.d4 d5 2.c4 e6 3.Nf3 Nf6 4.g3 Be7 5.Bg2 O-O 6.O-O dxc4 7.Qc2 a6 8.a4 c5 
9.dxc5 Bxc5 10.Qxc4 Nbd7 11.Qc2 Ra7 12.Nc3 b6 13.Bd2 Bb7 14.Rab1 Qe7 15.b4
Bd6 16.Qb2 Ne5 17.Nxe5 Bxe5 18.a5 Bxg2 19.Kxg2 bxa5 20.bxa5 Ne4 21.Rfc1 
Rc7 22.f3 Nxd2 23.Qxd2 Rd8 24.Qe1 Rdc8 25.Na4 g6 26.Nb6 Rxc1 27.Rxc1 Rxc1 
28.Qxc1 Qc7 29.Qd1 Bc3 30.Qc2 Kg7 31.Qa2 Bd4 32.Qb3 Qc1 33.Nd7 Qg1+ 34.Kh3
Qf1+ 35.Kh4 Qxe2 36.Kh3 Qf1+ 37.Kh4 h6 38.f4 Qg2 39.h3 Qe2 0-1

[Event "39th WCh U20 Girls"]
[Site "Mexico City MEX"]
[Date "2023.09.27"]
[Round "7.8"]
[White "Skaslien, Ingrid"]
[Black "Getman, Tatyana"]
[Result "1-0"]
[WhiteElo "1919"]
[BlackElo "2172"]
[EventDate "2023.09.21"]
[PlyCount "87"]

1.d4 Nf6 2.c4 e6 3.Nc3 Bb4 4.e3 O-O 5.Bd3 d5 6.a3 Bxc3+ 7.bxc3 dxc4 8.Bxc4
c5 9.Ne2 Qc7 10.Bd3 Nc6 11.f4 b6 12.O-O Rd8 13.Ng3 Bb7 14.Qe2 Na5 15.Bb2 
Rac8 16.e4 cxd4 17.cxd4 Nb3 18.e5 Nd5 19.Rae1 Nc3 20.Qh5 h6 21.Qg4 Kh8 22.
Nh5 g6 23.Re3 Rxd4 24.Nf6 Qc5 25.Qh4 Kg7 26.Kh1 Rxd3 27.Rxd3 Qc6 28.Rg3 
Ne2 29.Rg4 Nxf4 30.Ne8+ Rxe8 31.Qf6+ Kg8 32.Qxf4 Re7 33.Rxg6+ Kf8 34.Qxh6+
Ke8 35.Rg8+ Kd7 36.Qf8 Qc7 37.Rxf7 Rxf7 38.Qxf7+ Kc6 39.Qxe6+ Kc5 40.Qxb3 
Qh7 41.Qb4+ Kc6 42.Qc4+ Kd7 43.e6+ Kd6 44.Rd8+ 1-0

[Event "39th WCh U20 Girls"]
[Site "Mexico City MEX"]
[Date "2023.09.27"]
[Round "7.9"]
[White "Demchenko, Svitlana"]
[Black "Sosovickova, Jana"]
[Result "1-0"]
[WhiteElo "2169"]
[BlackElo "2045"]
[EventDate "2023.09.21"]
[PlyCount "73"]

1.e4 e5 2.Nf3 Nc6 3.Bc4 Bc5 4.c3 Nf6 5.d4 exd4 6.e5 d5 7.Bb5 Ne4 8.cxd4 
Bb4+ 9.Nbd2 O-O 10.O-O Bxd2 11.Bxd2 Bg4 12.Be3 Ne7 13.h3 Bd7 14.Bd3 f5 15.
exf6 Rxf6 16.Ne5 Bf5 17.g4 Be6 18.f3 Nd6 19.Bg5 Rf8 20.Qc2 g6 21.Bxg6 Kg7 
22.Bxh7 Bf7 23.Rae1 Ndc8 24.Nxf7 Rxf7 25.Re6 Qd7 26.Rfe1 a5 27.Bg6 Rxf3 
28.Rxe7+ Nxe7 29.Rxe7+ Qxe7 30.Bxe7 Ra6 31.Bf5 Rc6 32.Qd2 Rxh3 33.Qg5+ Kf7
34.Bg6+ Rxg6 35.Qf5+ Kg7 36.Bf8+ Kh7 37.Qf7+ 1-0

[Event "39th WCh U20 Girls"]
[Site "Mexico City MEX"]
[Date "2023.09.27"]
[Round "7.10"]
[White "Castellanos Hernandez, Lhia Itzayana"]
[Black "Rodriguez Redondo, Adhara"]
[Result "1/2-1/2"]
[WhiteElo "1890"]
[BlackElo "2135"]
[EventDate "2023.09.21"]
[PlyCount "83"]

1.e4 e5 2.Nf3 Nc6 3.Bc4 Nf6 4.Ng5 d5 5.exd5 Na5 6.Bb5+ c6 7.dxc6 bxc6 8.
Bd3 Nd5 9.Nf3 Bd6 10.O-O O-O 11.Qe1 f5 12.Be2 e4 13.Nd4 Qh4 14.g3 Qf6 15.
d3 exd3 16.Qxa5 Qxd4 17.Bxd3 f4 18.Qd2 Qf6 19.Nc3 Nxc3 20.Qxc3 Be5 21.Qc4+
Be6 22.Qe4 g6 23.Bxf4 Bxf4 24.Qxf4 Qxf4 25.gxf4 Rxf4 26.Rfe1 Bd5 27.c4 
Rg4+ 28.Kf1 Bg2+ 29.Ke2 Rh4 30.f3 Rf8 31.Be4 Rxh2 32.Ke3 Rh3 33.Bxc6 Bxf3 
34.Bxf3 Rfxf3+ 35.Kd4 Rf4+ 36.Re4 Rxe4+ 37.Kxe4 Kf7 38.Kd5 Rd3+ 39.Kc6 h5 
40.c5 h4 41.Kb7 Rd2 42.Rb1 1/2-1/2

[Event "39th WCh U20 Girls"]
[Site "Mexico City MEX"]
[Date "2023.09.27"]
[Round "7.11"]
[White "Zhang Xiao"]
[Black "Sultanbek, Zeinep"]
[Result "0-1"]
[WhiteElo "2128"]
[BlackElo "2022"]
[EventDate "2023.09.21"]
[PlyCount "132"]

1.d4 Nf6 2.c4 g6 3.Nc3 Bg7 4.e4 O-O 5.Be2 c6 6.e5 Ne8 7.Nf3 d6 8.exd6 Nxd6
9.O-O Bg4 10.Ne5 Bxe2 11.Qxe2 Nf5 12.d5 cxd5 13.cxd5 Nd7 14.Bf4 Rc8 15.
Rfe1 Nxe5 16.Bxe5 Bxe5 17.Qxe5 Qc7 18.g4 Nh4 19.Qxc7 Rxc7 20.Re3 f5 21.
Rae1 Rc4 22.Kf1 fxg4 23.Rxe7 Rcf4 24.R1e2 Nf5 25.R7e4 Rxe4 26.Nxe4 h5 27.
Rd2 b6 28.Kg2 Nh4+ 29.Kg3 Nf5+ 30.Kg2 Nh4+ 31.Kf1 Nf5 32.Rd3 Kg7 33.Rc3 
Kh6 34.Rc7 Ne3+ 35.Ke2 Nxd5 36.Rxa7 Re8 37.Kd3 Nb4+ 38.Ke3 Nc2+ 39.Kf4 
Rf8+ 40.Ke5 Re8+ 41.Kf4 Rf8+ 42.Kg3 Ne1 43.Ra3 Rf5 44.Re3 Nc2 45.Rb3 Ne1 
46.Nd6 Rf6 47.Ne4 Rf5 48.Rc3 g5 49.Re3 Nc2 50.Re2 Nb4 51.a3 Nd3 52.Rd2 Ne1
53.Rd6+ Kg7 54.Nd2 Rf4 55.h4 gxh3 56.f3 h4+ 57.Kxh3 Nxf3 58.Nxf3 Rxf3+ 59.
Kg4 Rg3+ 60.Kf5 h3 61.Rg6+ Kh7 62.Rxb6 h2 63.Rb7+ Kh6 64.Rb8 Rf3+ 65.Ke6 
Kg7 66.Rb7+ Kg6 0-1

[Event "39th WCh U20 Girls"]
[Site "Mexico City MEX"]
[Date "2023.09.27"]
[Round "7.12"]
[White "Vanduyfhuys, Daria"]
[Black "Hernandez Diaz, Paula Sofia"]
[Result "1/2-1/2"]
[WhiteElo "2088"]
[BlackElo "1796"]
[EventDate "2023.09.21"]
[PlyCount "108"]

1.d4 Nf6 2.c4 e6 3.Nf3 b6 4.g3 Bb7 5.Bg2 Be7 6.O-O O-O 7.b3 d6 8.Bb2 Nbd7 
9.Nbd2 Ne4 10.Qc2 f5 11.Rfd1 Qe8 12.Ne1 Ndf6 13.Nd3 a5 14.Nf4 Bd8 15.Nxe4 
Bxe4 16.Qc1 Bxg2 17.Kxg2 g5 18.Nh3 h6 19.f3 Nd7 20.Qd2 Qg6 21.Nf2 Bf6 22.
Nd3 Qg7 23.e3 Rfe8 24.Nf2 e5 25.Qc2 Qh7 26.d5 Rf8 27.Rf1 Rae8 28.a3 e4 29.
fxe4 Bxb2 30.Qxb2 Nc5 31.exf5 Qxf5 32.b4 Nd3 33.Qe2 Nxf2 34.Rxf2 Qe4+ 35.
Kg1 Qxe3 36.Qc2 Qxf2+ 37.Qxf2 Rxf2 38.Kxf2 Ra8 39.Re1 Rf8+ 40.Kg2 axb4 41.
axb4 Rf7 42.Kh3 h5 43.Kg2 Kg7 44.Re6 Kh7 45.Re3 Kg6 46.h3 Kg7 47.Re4 Kg6 
48.Re3 Kg7 49.Re8 Kh7 50.Rc8 Kg7 51.Re8 Kh7 52.Re1 Kg6 53.Re2 Kg7 54.Re3 
Kg6 1/2-1/2

[Event "39th WCh U20 Girls"]
[Site "Mexico City MEX"]
[Date "2023.09.27"]
[Round "7.13"]
[White "Hernandez Gil, Ineymig"]
[Black "Destic, Elena"]
[Result "1-0"]
[WhiteElo "2170"]
[BlackElo "1904"]
[EventDate "2023.09.21"]
[PlyCount "61"]

1.e4 c6 2.Nf3 d5 3.Nc3 dxe4 4.Nxe4 Nf6 5.Qe2 Nxe4 6.Qxe4 Nd7 7.Bc4 Nf6 8.
Ne5 e6 9.Qe2 b5 10.Bd3 Qc7 11.a4 Bd6 12.Nxc6 b4 13.Nd4 a6 14.Nf5 Bb7 15.
Nxd6+ Qxd6 16.O-O h5 17.Qe3 h4 18.h3 Rh6 19.Re1 Nd5 20.Qd4 Rf6 21.c4 bxc3 
22.dxc3 O-O-O 23.Bg5 Qc7 24.Bxf6 gxf6 25.Qxh4 f5 26.Qc4 Nf4 27.Qxc7+ Kxc7 
28.Bf1 Nxg2 29.Bxg2 Rg8 30.f3 Bxf3 31.Kf2 1-0

[Event "39th WCh U20 Girls"]
[Site "Mexico City MEX"]
[Date "2023.09.27"]
[Round "7.15"]
[White "Yedigarian, Asya"]
[Black "Tomasi, Elise"]
[Result "1/2-1/2"]
[WhiteElo "1786"]
[BlackElo "2021"]
[EventDate "2023.09.21"]
[PlyCount "150"]

1.e4 c5 2.Nf3 Nc6 3.c3 d5 4.exd5 Qxd5 5.d4 Bg4 6.Be2 cxd4 7.cxd4 e6 8.Nc3 
Qa5 9.O-O Nf6 10.Qb3 Qb4 11.Be3 Qxb3 12.axb3 a6 13.Ne5 Bxe2 14.Nxe2 Nb4 
15.Rac1 Nbd5 16.Nf4 Nxf4 17.Bxf4 Nd5 18.Be3 Be7 19.Rc4 O-O 20.Rfc1 Rfd8 
21.Kf1 Bd6 22.Ke2 f6 23.Nd3 Kf7 24.h3 g5 25.R4c2 Rd7 26.Nc5 Re7 27.Ne4 Bf4
28.Bxf4 Nxf4+ 29.Kf3 Rd8 30.Rd2 Red7 31.Rcd1 b6 32.h4 h6 33.g3 Ng6 34.hxg5
hxg5 35.Ke2 Ne7 36.Nc3 b5 37.g4 Ng6 38.Ne4 Nf4+ 39.Ke3 Nd5+ 40.Ke2 Nf4+ 
41.Ke3 Nd5+ 42.Ke2 Nb4 43.Nc3 Kg6 44.Ke3 Nd5+ 45.Nxd5 Rxd5 46.b4 Rc8 47.b3
f5 48.f3 Rf8 49.Ra1 Rd6 50.gxf5+ Rxf5 51.Rda2 e5 52.d5 Rxd5 53.Rxa6+ Rf6 
54.Ke4 Rdd6 55.Rxd6 Rxd6 56.Kxe5 Rd3 57.Ra6+ Kh5 58.f4 Re3+ 59.Kd4 gxf4 
60.Rb6 Rxb3 61.Rxb5+ Kg4 62.Rb8 f3 63.Rg8+ Kh3 64.Kc4 f2 65.Rf8 Rb2 66.b5 
Kg2 67.Kc5 f1=Q 68.Rxf1 Kxf1 69.b6 Ke2 70.Kc6 Kd3 71.b7 Kd4 72.Kc7 Rc2+ 
73.Kd7 Rb2 74.Kc7 Rxb7+ 75.Kxb7 Ke5 1/2-1/2

[Event "39th WCh U20 Girls"]
[Site "Mexico City MEX"]
[Date "2023.09.27"]
[Round "7.16"]
[White "Mikheeva, Galina"]
[Black "Velarde Hernandez, Paulina Yunuen"]
[Result "1-0"]
[WhiteElo "1969"]
[BlackElo "1557"]
[EventDate "2023.09.21"]
[PlyCount "109"]

1.e4 d5 2.exd5 Qxd5 3.Nc3 Qa5 4.Bc4 Nf6 5.d3 Bf5 6.Nf3 e6 7.Qe2 c6 8.Bd2 
Qc7 9.h3 Be7 10.g4 Bg6 11.O-O-O Nbd7 12.Rde1 b5 13.Bb3 O-O-O 14.Ne5 Nxe5 
15.Qxe5 Bd6 16.Qe3 a6 17.f4 Nd5 18.Nxd5 cxd5 19.Qf3 Bxd3 20.Qxd3 Bxf4 21.
Rhf1 Bxd2+ 22.Qxd2 Rd7 23.Qd4 Rg8 24.Re3 Qd6 25.Rc3+ Kb7 26.a4 e5 27.Qc5 
Qxc5 28.Rxc5 Rgd8 29.Rd1 Kb6 30.Rcxd5 Rxd5 31.Rxd5 Rxd5 32.Bxd5 f6 33.axb5
axb5 34.Kd2 Kc5 35.Be4 h5 36.Kc3 b4+ 37.Kd3 Kb5 38.gxh5 Kc5 39.Bg6 Kb5 40.
Ke4 Kc4 41.Bf7+ Kc5 42.Bg8 Kc6 43.Bc4 Kc5 44.Bb3 Kd6 45.Kf5 Ke7 46.Kg6 Kf8
47.Bd5 e4 48.Bxe4 f5 49.Bxf5 Kg8 50.c3 b3 51.c4 Kh8 52.c5 Kg8 53.c6 Kh8 
54.c7 Kg8 55.c8=R# 1-0

[Event "39th WCh U20 Girls"]
[Site "Mexico City MEX"]
[Date "2023.09.27"]
[Round "7.17"]
[White "Diaz Charpentier, Kristel Meliss"]
[Black "Montano Vicente, Guadalupe"]
[Result "1/2-1/2"]
[WhiteElo "1951"]
[BlackElo "1727"]
[EventDate "2023.09.21"]
[PlyCount "118"]

1.d4 Nf6 2.c4 g6 3.Nc3 Bg7 4.e4 d6 5.Be2 O-O 6.f4 c5 7.Nf3 cxd4 8.Nxd4 Nc6
9.Be3 Nxd4 10.Bxd4 Bd7 11.O-O Bc6 12.Bf3 a5 13.b3 Nd7 14.Rc1 Bxd4+ 15.Qxd4
Qb6 16.Qxb6 Nxb6 17.Rfd1 Rfd8 18.e5 dxe5 19.fxe5 Nd7 20.Re1 Nc5 21.Rcd1 
Bxf3 22.gxf3 Nd3 23.Re3 Nb4 24.a4 Rxd1+ 25.Nxd1 Rd8 26.Nf2 Nc2 27.Rc3 Rd2 
28.Ne4 Rd1+ 29.Kf2 Nb4 30.e6 fxe6 31.Nc5 b6 32.Nxe6 Rd6 33.Nf4 e5 34.Ne2 
Kf7 35.Re3 Kf6 36.Nc3 Kf5 37.Ne4 Rd4 38.Ke2 Rd7 39.c5 bxc5 40.Nxc5 Rd5 41.
Ne4 Nc2 42.Rc3 Nd4+ 43.Ke3 Rd8 44.Rc7 Rb8 45.Nc5 Nxb3 46.Rf7+ Kg5 47.Ne4+ 
Kh6 48.h4 Nd4 49.Nf6 Nf5+ 50.Kd3 Rh8 51.Ng4+ Kh5 52.Nxe5 Kxh4 53.Ra7 Rd8+ 
54.Kc3 Rd5 55.Rxh7+ Kg5 56.Nd3 Rd4 57.Nc5 Rd1 58.Ra7 Rf1 59.f4+ Kxf4 
1/2-1/2

[Event "39th WCh U20 Girls"]
[Site "Mexico City MEX"]
[Date "2023.09.27"]
[Round "7.18"]
[White "Guzman Garcia, Mia Fernanda"]
[Black "Mogollon Tobar, Nicolle Julieth"]
[Result "0-1"]
[WhiteElo "1753"]
[BlackElo "1943"]
[EventDate "2023.09.21"]
[PlyCount "102"]

1.e4 e6 2.d4 d5 3.Nc3 Bb4 4.e5 b6 5.a3 Bxc3+ 6.bxc3 Qd7 7.Nf3 Ba6 8.Bxa6 
Nxa6 9.Qd3 Nb8 10.O-O Ne7 11.c4 dxc4 12.Qxc4 O-O 13.Bb2 Nbc6 14.Qe2 b5 15.
c3 Na5 16.Nd2 Qd5 17.Ne4 Nc4 18.Nc5 Nc6 19.Nd3 Ne7 20.Bc1 Qd7 21.Nc5 Qc6 
22.Re1 Ng6 23.Nb3 a5 24.Be3 a4 25.Nc5 Nh4 26.Qg4 Nf5 27.Bg5 Kh8 28.Qh5 Nb6
29.g4 Qf3 30.Rad1 g6 31.Bf6+ Kg8 32.Qg5 h6 33.Rd3 Qxd3 34.Qc1 Qh3 35.gxf5 
exf5 36.Re3 Qh5 37.Rg3 Nd5 38.Nd7 Rfd8 39.Bxd8 Rxd8 40.Nf6+ Nxf6 41.exf6 
Rd6 42.Qf4 Rxf6 43.Qxc7 f4 44.Qc8+ Kg7 45.Rg4 Re6 46.f3 Qf5 47.Qc7 Qb1+ 
48.Kf2 Qe1+ 49.Kg2 Re2+ 50.Kh3 Qf1+ 51.Kh4 Rxh2# 0-1

[Event "39th WCh U20 Girls"]
[Site "Mexico City MEX"]
[Date "2023.09.27"]
[Round "7.19"]
[White "Hernandez Ortega, Carolina"]
[Black "Maione, Melissa"]
[Result "1-0"]
[WhiteElo "1729"]
[BlackElo "1931"]
[EventDate "2023.09.21"]
[PlyCount "107"]

1.e4 c5 2.Nf3 Nc6 3.d4 cxd4 4.Nxd4 Nf6 5.Nc3 e5 6.Ndb5 d6 7.Bg5 a6 8.Na3 
b5 9.Nd5 Be7 10.Bxf6 Bxf6 11.c3 O-O 12.Nc2 Rb8 13.Nce3 Bg5 14.h4 Bh6 15.b4
a5 16.a3 Be6 17.g3 g6 18.Bg2 Bg7 19.O-O Qd7 20.h5 Qb7 21.Qf3 axb4 22.Nf6+ 
Bxf6 23.Qxf6 Qe7 24.Qxe7 Nxe7 25.axb4 Ra8 26.Rfd1 Rxa1 27.Rxa1 Rc8 28.Ra3 
f5 29.hxg6 hxg6 30.exf5 gxf5 31.Bf1 Bd7 32.Ra7 Rd8 33.Rb7 d5 34.Bxb5 Bxb5 
35.Rxb5 d4 36.Rxe5 Nc6 37.cxd4 Nxe5 38.dxe5 Rb8 39.Nxf5 Kf7 40.f4 Rxb4 41.
Kg2 Ke6 42.Nd6 Rb2+ 43.Kf3 Rb3+ 44.Kg4 Rb8 45.Ne4 Rg8+ 46.Ng5+ Kd5 47.Kf5 
Ra8 48.Kf6 Ra3 49.e6 Rxg3 50.e7 Re3 51.Kf7 Kc6 52.e8=Q+ Rxe8 53.Kxe8 Kd6 
54.Kf7 1-0

[Event "39th WCh U20 Girls"]
[Site "Mexico City MEX"]
[Date "2023.09.27"]
[Round "7.20"]
[White "Hernandez Bermudez, Manuela"]
[Black "Benito De Leo, Estefania"]
[Result "0-1"]
[WhiteElo "1905"]
[BlackElo "1712"]
[EventDate "2023.09.21"]
[PlyCount "136"]

1.e4 e5 2.Nf3 Nc6 3.Bb5 a6 4.Ba4 Nf6 5.O-O Be7 6.Re1 b5 7.Bb3 O-O 8.h3 d6 
9.c3 Na5 10.Bc2 c5 11.d4 cxd4 12.cxd4 exd4 13.Nxd4 Re8 14.Nd2 Bb7 15.Nf1 
Rc8 16.Ng3 Nc6 17.Nxc6 Bxc6 18.Bf4 Bf8 19.Qd2 d5 20.e5 Nd7 21.Nf5 Nc5 22.
Re3 Ne4 23.Qd3 g6 24.Nd4 Bb7 25.f3 Nc5 26.Qd2 Qb6 27.Kh1 Bg7 28.Rd1 Ne6 
29.Nxe6 fxe6 30.Bb1 Rf8 31.Rd3 Rc4 32.Be3 Qc7 33.f4 Bh6 34.Rd4 Rxd4 35.
Qxd4 Qc4 36.Qb6 Qc6 37.Qd4 Qc4 38.h4 Bxf4 39.Qxc4 bxc4 40.Bd4 Bg3 41.h5 
gxh5 42.Kg1 Bc6 43.Bc2 Bf4 44.Re1 Bg5 45.Rf1 Rxf1+ 46.Kxf1 h6 47.Bg6 h4 
48.Kf2 Kg7 49.Bc2 Be8 50.Bd1 Bg6 51.Ba4 Bb1 52.a3 Bf5 53.Bd1 h3 54.gxh3 
Bxh3 55.Kg3 Bf5 56.Bh5 Bg6 57.Bg4 Kf7 58.Bd1 Bf5 59.Bh5+ Ke7 60.Kf3 Bc2 
61.Kg3 Kf8 62.Bg4 Kf7 63.Bh5+ Bg6 64.Bd1 h5 65.Bf2 Bc1 66.Bd4 Bd2 67.Kh3 
Kg7 68.Kh4 Kh6 0-1

[Event "39th WCh U20 Girls"]
[Site "Mexico City MEX"]
[Date "2023.09.27"]
[Round "7.21"]
[White "Moracchini, Margaux"]
[Black "Middleton, Jody"]
[Result "1-0"]
[WhiteElo "1897"]
[BlackElo "1699"]
[EventDate "2023.09.21"]
[PlyCount "133"]

1.e4 e6 2.d3 d5 3.Nd2 c5 4.Ngf3 Nc6 5.g3 Bd6 6.Bg2 Nge7 7.O-O O-O 8.Re1 f6
9.exd5 exd5 10.d4 c4 11.c3 b5 12.b3 Rb8 13.Nf1 Qc7 14.Ne3 Nd8 15.Bd2 Be6 
16.Nh4 g5 17.Nf3 Ng6 18.h3 Qd7 19.Kh2 Kh8 20.Rh1 Nh4 21.Nxh4 gxh4 22.Qf3 
Qg7 23.Rhg1 Rg8 24.Nf1 Nf7 25.Bf4 Ng5 26.Qe3 Qd7 27.Bxd6 Qxd6 28.Qf4 Qxf4 
29.gxf4 Ne4 30.Bxe4 dxe4 31.Rxg8+ Rxg8 32.b4 Bd7 33.Ne3 Bc6 34.Rg1 Rxg1 
35.Kxg1 Bd7 36.Kh2 Kg7 37.Ng2 Kg6 38.Nxh4+ Kh5 39.Kg3 a6 40.Ng2 Kg6 41.Ne3
Be6 42.f5+ Bxf5 43.Nxf5 Kxf5 44.h4 h5 45.a3 e3 46.fxe3 Ke4 47.d5 Kxd5 48.
Kf4 Ke6 49.e4 Kf7 50.Kf5 Ke7 51.e5 fxe5 52.Kxe5 Kd7 53.Kf5 Kd6 54.Kg5 Ke5 
55.Kxh5 Ke4 56.Kg6 Kd3 57.h5 Kxc3 58.h6 Kd2 59.h7 c3 60.h8=Q c2 61.Qd4+ 
Kc1 62.Qc3 Kb1 63.Qb3+ Kc1 64.Kf5 Kd2 65.Qd5+ Kc3 66.Qe5+ Kd3 67.Qe1 1-0

[Event "39th WCh U20 Girls"]
[Site "Mexico City MEX"]
[Date "2023.09.27"]
[Round "7.22"]
[White "Tec Rodas, Sofia Isavelina"]
[Black "Ivan, Reka Gyongyver"]
[Result "0-1"]
[WhiteElo "1675"]
[BlackElo "1857"]
[EventDate "2023.09.21"]
[PlyCount "62"]

1.e4 c6 2.Nc3 d5 3.Nf3 dxe4 4.Nxe4 Nf6 5.Qe2 Nxe4 6.Qxe4 Nd7 7.Bc4 Nf6 8.
Ne5 e6 9.Qe2 b5 10.Bd3 Bb7 11.b3 Bd6 12.Bb2 O-O 13.c4 a6 14.O-O Qc7 15.
Rac1 c5 16.Rfe1 b4 17.Bb1 Rad8 18.Qe3 Rfe8 19.Qh3 h6 20.Re3 Nd7 21.Nxf7 
Kxf7 22.Qh5+ Kg8 23.Qg6 Nf8 24.Qg4 Bxh2+ 25.Kf1 Rxd2 26.Ba1 Qf7 27.Re2 
Red8 28.Rce1 Bf4 29.f3 Rxe2 30.Kxe2 Bg5 31.Rh1 Qf4 0-1

[Event "39th WCh U20 Girls"]
[Site "Mexico City MEX"]
[Date "2023.09.27"]
[Round "7.23"]
[White "Viana, Valeria"]
[Black "Milner, Romi"]
[Result "1-0"]
[WhiteElo "1620"]
[BlackElo "1856"]
[EventDate "2023.09.21"]
[PlyCount "101"]

1.e4 e5 2.Nf3 Nc6 3.Bb5 Nf6 4.O-O Nxe4 5.Re1 Nd6 6.Bxc6 dxc6 7.Nxe5 Be7 8.
d4 O-O 9.c3 Be6 10.Bf4 Nf5 11.Nd3 Bd5 12.Nd2 Bg5 13.Qg4 Bxf4 14.Nxf4 g6 
15.Nf3 Bxf3 16.Qxf3 Qg5 17.Re5 Rfe8 18.Rae1 Rxe5 19.Rxe5 h6 20.Kf1 Qf6 21.
Nd3 Qd6 22.Qe4 Kg7 23.g3 Qf6 24.Qe2 Rd8 25.Nf4 Rd7 26.Qg4 Kh7 27.Nh5 gxh5 
28.Qxf5+ Qxf5 29.Rxf5 Kg6 30.Re5 b6 31.Ke2 Rd8 32.Kf3 Rd7 33.Ke4 a6 34.b4 
Rd8 35.Re7 Rc8 36.Ke5 b5 37.f4 Kg7 38.Kf5 Rd8 39.Rxc7 Rd6 40.Re7 Kf8 41.
Ra7 Kg7 42.Rxa6 Rf6+ 43.Ke4 Re6+ 44.Kf3 Kf6 45.a4 bxa4 46.Rxa4 Re1 47.Ra6 
Re6 48.Ra5 Re1 49.Rc5 Re6 50.Rxh5 Kg7 51.Re5 1-0

[Event "39th WCh U20 Girls"]
[Site "Mexico City MEX"]
[Date "2023.09.27"]
[Round "7.24"]
[White "Mayorga Araya, Sofia"]
[Black "Garcia Hernandez, Rebeca"]
[Result "1/2-1/2"]
[WhiteElo "1825"]
[BlackElo "1671"]
[EventDate "2023.09.21"]
[PlyCount "68"]

1.e4 c5 2.Nf3 d6 3.Bb5+ Bd7 4.Bxd7+ Nxd7 5.O-O Ngf6 6.Qe2 e6 7.c3 Be7 8.d4
cxd4 9.cxd4 d5 10.e5 Ne4 11.Be3 O-O 12.Ne1 f5 13.exf6 Bxf6 14.Nd2 Nxd2 15.
Qxd2 Nb6 16.b3 Qe8 17.Nf3 Qg6 18.Rac1 Rf7 19.Bf4 h5 20.Bg3 Raf8 21.a4 Nc8 
22.Rfe1 h4 23.Nxh4 Bxh4 24.Bxh4 Nd6 25.Rf1 Ne4 26.Qe2 Qh6 27.f3 Qxh4 28.
fxe4 Rxf1+ 29.Rxf1 Rxf1+ 30.Kxf1 Qf4+ 31.Ke1 Qc1+ 32.Kf2 Qf4+ 33.Ke1 Qc1+ 
34.Kf2 Qf4+ 1/2-1/2

[Event "39th WCh U20 Girls"]
[Site "Mexico City MEX"]
[Date "2023.09.27"]
[Round "7.25"]
[White "Mukul Aldana, Daniela Maria"]
[Black "Cabrera Cruz, Brenda Elisa"]
[Result "1/2-1/2"]
[WhiteElo "1798"]
[BlackElo "1682"]
[EventDate "2023.09.21"]
[PlyCount "61"]

1.e4 c5 2.Nf3 g6 3.d4 cxd4 4.Nxd4 Bg7 5.Nc3 Nc6 6.Be3 Nf6 7.Bc4 Qa5 8.O-O 
d6 9.h3 Bd7 10.a3 O-O 11.Nxc6 bxc6 12.Qd2 Be6 13.Bd3 Rfb8 14.b4 Qc7 15.
Rab1 Nd7 16.f4 Nb6 17.f5 Nc4 18.Qf2 Nxe3 19.Qxe3 Bd7 20.Qd2 Qb6+ 21.Kh1 
Qd4 22.Ne2 Qe5 23.c4 a6 24.Qe1 a5 25.Rb3 Rb6 26.Qf2 Rab8 27.Rfb1 a4 28.Rc3
c5 29.b5 Bc8 30.Rcc1 Bb7 31.Nc3 1/2-1/2

[Event "39th WCh U20 Girls"]
[Site "Mexico City MEX"]
[Date "2023.09.27"]
[Round "7.26"]
[White "Mendoza Recio, Josselyne"]
[Black "Saravanan, Durga"]
[Result "1/2-1/2"]
[WhiteElo "1573"]
[BlackElo "1757"]
[EventDate "2023.09.21"]
[PlyCount "138"]

1.e4 c5 2.Nc3 d6 3.f4 g6 4.Nf3 Bg7 5.Bb5+ Bd7 6.Bc4 Nc6 7.a3 e6 8.d3 Nge7 
9.Ba2 O-O 10.O-O Nd4 11.Ne2 d5 12.Nexd4 cxd4 13.e5 Qb6 14.g4 Rac8 15.Bd2 
Qxb2 16.Bb3 Rc3 17.Ra2 Rxb3 18.Rxb2 Rxb2 19.Bb4 Nc6 20.Bxf8 Bxf8 21.Ne1 a5
22.Qa1 Rb6 23.Nf3 Bc5 24.h4 a4 25.h5 Kg7 26.Kh2 Rb5 27.Qc1 Na5 28.Nd2 Rb6 
29.Nb1 Rc6 30.hxg6 hxg6 31.Qe1 Bb6 32.Rf2 Bd8 33.g5 b6 34.Re2 Be7 35.Qh4 
Bf8 36.Kg1 Kg8 37.Rh2 Bg7 38.Qf2 Nb3 39.cxb3 Rc1+ 40.Qf1 Rxf1+ 41.Kxf1 
axb3 42.Rb2 Ba4 43.Nd2 Bf8 44.Nxb3 Bxa3 45.Ra2 Bxb3 46.Rxa3 Bc2 47.Ke2 b5 
48.Ra8+ Kg7 49.Rb8 Ba4 50.Kd2 Kh7 51.Kc1 Kg7 52.Kb2 Kh7 53.Ka3 Bc2 54.Rxb5
Bxd3 55.Rb2 Bc4 56.Rd2 d3 57.Kb4 Kg7 58.Kc5 Kf8 59.Kd6 Kg7 60.Ke7 Bb5 61.
Kd6 Bc4 62.Kc6 Ba6 63.Kc7 Bb5 64.Kd8 Bc4 65.Rb2 Kf8 66.Kd7 Ba6 67.Kd8 Bc4 
68.Kc7 Ke7 69.Kc6 Ba6 1/2-1/2

[Event "39th WCh U20 Girls"]
[Site "Mexico City MEX"]
[Date "2023.09.28"]
[Round "8.1"]
[White "Yip, Carissa"]
[Black "Krasteva, Beloslava"]
[Result "1/2-1/2"]
[WhiteElo "2372"]
[BlackElo "2223"]
[EventDate "2023.09.21"]
[PlyCount "90"]

1.e4 c5 2.Nf3 Nc6 3.d4 cxd4 4.Nxd4 Nf6 5.Nc3 e6 6.Nxc6 bxc6 7.e5 Nd5 8.Ne4
Qc7 9.f4 Qb6 10.a3 Ne3 11.Qd3 Nxf1 12.Rxf1 Ba6 13.c4 f5 14.exf6 d5 15.f5 
O-O-O 16.Ng5 Bxc4 17.Qf3 gxf6 18.Nxe6 Bc5 19.b3 Bxf1 20.Kxf1 Bd4 21.Ra2 
Rd7 22.Qd3 Be5 23.Rc2 Kb8 24.a4 Ka8 25.Nc5 Rdd8 26.Ba3 Bd6 27.Qc3 Rhf8 28.
g3 Bxc5 29.Bxc5 Qa6+ 30.Kf2 Rf7 31.Bd4 Rb8 32.Qxc6+ Qxc6 33.Rxc6 Rxb3 34.
Rxf6 Rc7 35.Re6 Rd3 36.Bh8 d4 37.Ke2 Rb3 38.Bxd4 Rc2+ 39.Kd1 Rxh2 40.Re2 
Rh1+ 41.Kc2 Rxg3 42.Rf2 Rhg1 43.f6 R1g2 44.Rxg2 Rxg2+ 45.Kd3 Rg8 1/2-1/2

[Event "39th WCh U20 Girls"]
[Site "Mexico City MEX"]
[Date "2023.09.28"]
[Round "8.2"]
[White "Obregon Garcia, Roxangel"]
[Black "Kanyamarala, Trisha"]
[Result "1-0"]
[WhiteElo "2171"]
[BlackElo "2184"]
[EventDate "2023.09.21"]
[PlyCount "101"]

1.e4 c5 2.Nf3 d6 3.d4 cxd4 4.Nxd4 Nf6 5.Nc3 a6 6.f3 e6 7.Be3 Nc6 8.Qd2 Bd7
9.O-O-O b5 10.g4 Nxd4 11.Qxd4 Bc6 12.g5 Nd7 13.a3 Rb8 14.Kb1 a5 15.Na2 Qc8
16.h4 Qb7 17.h5 e5 18.Qd2 b4 19.axb4 axb4 20.Bc4 Bb5 21.Bd5 Bc6 22.Bxc6 
Qxc6 23.Nxb4 Qa4 24.Nd5 Kd8 25.c3 Ra8 26.Nb4 Ra5 27.Qf2 Kc8 28.Qe2 Qb3 29.
Rd5 Nc5 30.Bxc5 dxc5 31.Rhd1 Be7 32.Rxe5 Rd8 33.Rxd8+ Bxd8 34.Qc2 Qc4 35.
Qd3 Qb3 36.Re8 Ra1+ 37.Kxa1 Qa4+ 38.Kb1 Qxe8 39.Qa6+ Kc7 40.Nd5+ Kb8 41.
Qd6+ Kb7 42.Qxc5 Qa4 43.Ne3 Bb6 44.Qd5+ Kb8 45.Nc4 Bc7 46.Qxf7 Qd1+ 47.Ka2
Bd6 48.Qg8+ Kc7 49.Qxg7+ Kc6 50.Qd4 Qa4+ 51.Na3 1-0